000 01168cam a2200337 a 4500
999 _c330752
_d330752
001 16695186
003 NUST
005 20180116120912.0
008 100928r20101884ii 000 0 eng d
010 _a 2011321083
020 _a9788173054037
025 _aI-E-2011-321083; 56-35
035 _a(OCoLC)ocn670049399
035 _a(OCoLC)670049399
037 _aLibrary of Congress -- New Delhi Overseas Office
040 _aDKAGE
_beng
_cDKAGE
_dDLC
042 _alccopycat
_alcode
043 _aa-ii---
050 0 0 _aDS486.D3
_bG35 2010
082 0 4 _a915.456003
_bGAZ
245 0 2 _aA Gazetteer of Delhi, 1883-84.
246 1 7 _aPunjab Gazetteer :
_bDelhi District
260 _aLahore :
_bSang-e mil publications,
_c2000.
300 _axii, 215, xxvi p. ;
_c25 cm.
500 _aOriginally published: Punjab Govt., 1884.
500 _a"Classic reprint library"--Cover.
651 0 _aDelhi (India)
_vGazetteers.
_93728
906 _a7
_bcbc
_ccopycat
_d3
_encip
_f20
_gy-gencatlg
942 _2ddc
_cBK